| 000 | 00634nam a2200181Ia 4500 | ||
|---|---|---|---|
| 008 | 151202s9999||||xx |||||||||||||| ||und|| | ||
| 082 | _bPNVM-22644 | ||
| 100 | _aगोखले विद्याधर. | ||
| 245 | _aपंडितराज जगन्नाथ. | ||
| 260 | _b"सु.वि. गोखले, मुंबई." | ||
| 260 | _c1962 | ||
| 300 | _a100 | ||
| 600 | _aगोखले विद्याधर. | ||
| 630 | _aपंडितराज जगन्नाथ. | ||
| 700 | _aगोखले विद्याधर. | ||
| 730 | _aपंडितराज जगन्नाथ. | ||
| 942 | _cBOOK | ||
| 999 |
_c1288619 _d1288616 |
||